[Event "Angers op 16th"]
[Site "Angers"]
[Date "2023.05.19"]
[Round "1"]
[White "Garrido, Mihai"]
[Black "Harutyunyan, Safar"]
[Result "1/2-1/2"]
[WhiteElo "2090"]
[BlackElo "2333"]
[PlyCount "96"]
[EventDate "2023.05.19"]
[EventType "swiss"]
[EventRounds "6"]
[EventCountry "FRA"]
[SourceTitle "CBM 214 Extra"]
[Source "ChessBase"]
[SourceDate "2023.07.31"]
[SourceVersion "1"]
[SourceVersionDate "2023.07.31"]
[SourceQuality "1"]

1. e4 c5 2. Nf3 d6 3. d4 cxd4 4. Nxd4 Nf6 5. Nc3 a6 6. Be3 e5 7. Nb3 Be6 8. f3 Be7 9. Qd2 0-0 10. 0-0-0 Nbd7 11. g4 b5 12. g5 b4 13. gxf6 bxc3 14. Qxc3 Nxf6 15. Na5 Qd7 16. Nc6 Rfc8 17. Nxe7+ Qxe7 18. Qa3 Qc7 19. Rd2 d5 20. Bg5 d4 21. Bxf6 gxf6 22. f4 Kh8 23. fxe5 fxe5 24. Rg1 f6 25. Rdg2 a5 26. Qf3 Rf8 27. Rg3 Rac8 28. Bd3 Bxa2 29. Qf5 Rf7 30. Rh3 Bb3 31. Rg2 Rcf8 32. Kb1 Ba4 33. Rhg3 Bd7 34. Qh5 Be6 35. Be2 f5 36. Rg6 Qd7 37. Qg5 hxg6 38. Qh6+ Kg8 39. Rxg6+ Rg7 40. Bb5 Rxg6 41. Qxg6+ Qg7 42. Qxe6+ Kh7 43. exf5 Qf6 44. Qd5 Rd8 45. Qf3 Rf8 46. Qd5 Rg8 47. Bd3 a4 48. Qd7+ Rg7 1/2-1/2

[Event "Angers op 16th"]
[Site "Angers"]
[Date "2023.05.19"]
[Round "2"]
[White "Greget, Mathias"]
[Black "Garrido, Mihai"]
[Result "1/2-1/2"]
[WhiteElo "2130"]
[BlackElo "2090"]
[PlyCount "33"]
[EventDate "2023.05.19"]
[EventType "swiss"]
[EventRounds "6"]
[EventCountry "FRA"]
[SourceTitle "CBM 214 Extra"]
[Source "ChessBase"]
[SourceDate "2023.07.31"]
[SourceVersion "1"]
[SourceVersionDate "2023.07.31"]
[SourceQuality "1"]

1. e4 e5 2. Nf3 Nc6 3. Bb5 Nf6 4. 0-0 Nxe4 5. d4 Nd6 6. dxe5 Nxb5 7. a4 Nbd4 8. Nxd4 Nxd4 9. Qxd4 d5 10. exd6 Qxd6 11. Qe4+ Qe6 12. Qd4 Qd6 13. Qe4+ Qe6 14. Qd4 Qd6 15. Qe4+ Qe6 16. Qd4 Qd6 17. Qe4+ 1/2-1/2

[Event "Mont de Marsan Christmas op"]
[Site "Mont de Marsan"]
[Date "2022.12.27"]
[Round "4"]
[White "Bournel, Antoine"]
[Black "Garrido, Mihai"]
[Result "1-0"]
[WhiteElo "2392"]
[BlackElo "2159"]
[PlyCount "67"]
[EventDate "2022.12.26"]
[EventType "swiss"]
[EventRounds "9"]
[EventCountry "FRA"]
[SourceTitle "EXT 2024"]
[Source "ChessBase"]
[SourceDate "2023.10.10"]
[SourceVersion "1"]
[SourceVersionDate "2023.10.10"]
[SourceQuality "1"]

1. d4 Nf6 2. c4 g6 3. Nc3 Bg7 4. e4 d6 5. Nf3 0-0 6. Be2 Na6 7. 0-0 e5 8. Be3 c6 9. d5 Ng4 10. Bg5 f6 11. Bh4 c5 12. Rb1 h5 13. h3 Nh6 14. Bg3 Nf7 15. Nh4 Nh8 16. Kh1 Bh6 17. a3 Bd7 18. Bd3 b6 19. Bc2 Nc7 20. b4 cxb4 21. axb4 Qc8 22. Ba4 a5 23. Bc6 axb4 24. Rxb4 Ra3 25. Rb3 Rxb3 26. Bxd7 Qxd7 27. Qxb3 Rb8 28. Ra1 Bg5 29. Nf3 Nf7 30. Ra7 Qc8 31. Qa4 Ne8 32. Nb5 Bh6 33. Bh2 Qc5 34. Rxf7 1-0

[Event "FRA-ch op-A"]
[Site "Albi"]
[Date "2022.08.13"]
[Round "1"]
[White "Garrido, Mihai"]
[Black "Favarel, Camille"]
[Result "1-0"]
[WhiteElo "2044"]
[BlackElo "2163"]
[PlyCount "51"]
[EventDate "2022.08.13"]
[EventType "swiss"]
[EventRounds "9"]
[EventCountry "FRA"]
[SourceTitle "CBM 210 Extra"]
[Source "ChessBase"]
[SourceDate "2022.11.30"]
[SourceVersion "1"]
[SourceVersionDate "2022.11.30"]
[SourceQuality "1"]

1. e4 c6 2. d4 d5 3. exd5 cxd5 4. Bd3 Nc6 5. c3 Qc7 6. Ne2 Bg4 7. 0-0 e6 8. Qe1 Bd6 9. f3 Bf5 10. Bxf5 exf5 11. Nf4+ Kd7 12. Nxd5 Bxh2+ 13. Kh1 Qg3 14. Bf4 Qxe1 15. Rxe1 Bxf4 16. Nxf4 h5 17. Nd2 Re8 18. Rxe8 Kxe8 19. d5 Nd8 20. Re1+ Kd7 21. Nc4 Nf6 22. Ne5+ Kc7 23. Nxf7 Rg8 24. c4 a5 25. Re7+ Nd7 26. Ne6+ 1-0